|
|
|
|
| LEADER |
00000nam a2200000 a 4500 |
| 001 |
vtls001428761 |
| 003 |
SK-MaSNL |
| 005 |
20260302001829.0 |
| 008 |
240318s1982 xx 0 und |
| 035 |
|
|
|a SNK000383759
|
| 040 |
|
|
|a SNK
|b slo
|c SNK
|e AACR2
|
| 100 |
1 |
|
|a Tolstoj, Lev Nikolajevič,
|d 1828-1910
|4 aut
|9 14566
|
| 245 |
1 |
0 |
|a Dramatičeskie proizvedenija 1864 - 1910
|
| 260 |
|
|
|a Moskva
|b Chudožestvennaja literatura
|c 1982
|
| 300 |
|
|
|a 501 s.
|
| 958 |
|
|
|a OND
|
| 999 |
|
|
|c 985494
|d 987424
|
| 952 |
|
|
|t P60, <04>, [BOOK], {604}
|a SNK
|b SNK
|y VYP
|7 0
|p 17A0330287
|o snkIC 82338/11
|0 0
|1 0
|4 0
|d 2002-02-08
|l 0
|r 2005-01-02 00:00:00
|w 2026-02-24
|